| 000 | 00688nam a2200217Ii 4500 | ||
|---|---|---|---|
| 001 | 13358 | ||
| 003 | CO-ViMGA | ||
| 008 | 241108s9999||||xx |||||||||||||| ||und|| | ||
| 020 | _a9589421202 | ||
| 040 |
_aCO-ViMGA _bspa _erda _cCO-ViMGA |
||
| 041 | 0 | _aspa | |
| 082 | 0 | 4 | _aF.FC 342.8603 - E24c |
| 100 | 1 |
_aCarmenza Echeverri de Restrepo _945556 |
|
| 245 | 1 | 0 | _aLa constitución de 1991 ante la crisis de legitimidad institucional |
| 264 | 1 | _aBogotá, Colombia : Universidad Libre de Cali, 1995 | |
| 300 | _avolumen | ||
| 336 |
_atext _btxt _2rdacontent |
||
| 337 |
_aunmediated _bn _2rdamedia |
||
| 338 |
_avolume _bnc _2rdacarrier |
||
| 940 | _aidficha_siabuc: 13060. -- ficha_no_siabuc:13358 | ||
| 999 |
_c40080 _d40080 |
||